[Event "Stay Safe Play From Home 291"]
[Site "Emanuel Lasker Arena"]
[Date "2020.07.09"]
[Round "5"]
[White "Capaeuwekhine"]
[Black "Lucknow"]
[Result "0-1"]
[WhiteElo "1659"]
[BlackElo "1740"]
[Annotator "NA RC"]
[PlyCount "100"]
[EventDate "2020.07.09"]
[EventType "swiss (blitz)"]

1. d4 {[%emt 0:00:02]} d5 {[%emt 0:00:01]} 2. c4 {[%emt 0:00:01]} c6 {[%emt 0:00:01]} 3. Nc3 {[%emt 0:00:05]} Nf6 {[%emt 0:00:01]} 4. Nf3 {[%emt 0:00:05]} e6 {[%emt 0:00:01]} 5. cxd5 {[%emt 0:00:03]} exd5 {[%emt 0:00:01]} 6. Bf4 {[%emt 0:00:19]} Bd6 {[%emt 0:00:03]} 7. Ne5 {[%emt 0:00:02]} O-O {[%emt 0:00:03]} 8. e3 {[%emt 0:00:02]} Re8 {[%emt 0:00:02]} 9. Bd3 {[%emt 0:00:04]} Qe7 {[%emt 0:00:09]} 10. O-O {[%emt 0:00:04]} Nbd7 {[%emt 0:00:02]} 11. Nxd7 {[%emt 0:00:01]} Bxd7 {[%emt 0:00:01]} 12. Bxd6 {[%emt 0:00:01]} Qxd6 {[%emt 0:00:00]} 13. a3 {[%emt 0:00:04]} c5 {[%emt 0:00:09]} 14. dxc5 {[%emt 0:00:03]} Qxc5 {[%emt 0:00:01]} 15. Rc1 {[%emt 0:00:02]} Qe7 {[%emt 0:00:09]} 16. Bb1 {[%emt 0:00:06]} Rad8 {[%emt 0:00:06]} 17. Qc2 {[%emt 0:00:02]} g6 {[%emt 0:00:02]} 18. Rfd1 {[%emt 0:00:04]} Bc6 {[%emt 0:00:02]} 19. Qb3 {[%emt 0:00:02]} Qe5 {[%emt 0:00:15]} 20. Ne2 {[%emt 0:00:04]} Ng4 {[%emt 0:00:14]} 21. g3 {[%emt 0:00:02]} Qf6 {[%emt 0:00:07]} 22. Rf1 {[%emt 0:00:09]} Ne5 {[%emt 0:00:06]} 23. Nd4 {[%emt 0:00:09]} Nf3+ {[%emt 0:00:02]} 24. Nxf3 {[%emt 0:00:02]} Qxf3 {[%emt 0:00:01]} 25. Qd1 {[%emt 0:00:01]} Qf6 {[%emt 0:00:06]} 26. Qd4 {[%emt 0:00:07]} Qe6 {[%emt 0:00:09]} 27. Ba2 {[%emt 0:00:02]} Qh3 {[%emt 0:00:09]} 28. b4 {[%emt 0:00:07]} Re4 {[%emt 0:00:03]} 29. Qf6 {[%emt 0:00:05]} Rf8 {[%emt 0:00:19]} 30. Rfd1 {[%emt 0:00:04]} d4 {[%emt 0:00:11]} 31. Rxc6 {[%emt 0:00:07]} bxc6 {[%emt 0:00:04]} 32. Rxd4 {[%emt 0:00:01]} Rxd4 {[%emt 0:00:05]} 33. Qxd4 {[%emt 0:00:01]} Qf5 {[%emt 0:00:06]} 34. Qxa7 {[%emt 0:00:12]} Qf6 {[%emt 0:00:01]} 35. Qd4 {[%emt 0:00:03]} Kg7 {[%emt 0:00:00]} 36. Qxf6+ {[%emt 0:00:04]} Kxf6 {[%emt 0:00:00]} 37. Bc4 {[%emt 0:00:02]} Ke7 {[%emt 0:00:00]} 38. b5 {[%emt 0:00:03]} Kd6 {[%emt 0:00:00]} 39. bxc6 {[%emt 0:00:02]} Kxc6 {[%emt 0:00:01]} 40. e4 {[%emt 0:00:01]} Kb6 {[%emt 0:00:00]} 41. Kf1 {[%emt 0:00:02]} Rb8 {[%emt 0:00:00]} 42. Bxf7 {[%emt 0:00:02]} Kc5 {[%emt 0:00:00]} 43. f4 {[%emt 0:00:03]} Rb2 {[%emt 0:00:01]} 44. Bd5 {[%emt 0:00:02]} Kd4 {[%emt 0:00:01]} 45. Ke1 {[%emt 0:00:08]} Ke3 {[%emt 0:00:00]} 46. Kd1 {[%emt 0:00:02]} Rxh2 {[%emt 0:00:01]} 47. Kc1 {[%emt 0:00:01]} Rh1+ {[%emt 0:00:01]} 48. Kb2 {[%emt 0:00:01]} Rg1 {[%emt 0:00:00]} 49. Kb3 {[%emt 0:00:01]} Rxg3 {[%emt 0:00:00]} 50. a4 {[%emt 0:00:02]} Kxf4+ {[%emt 0:00:00] Tiempo (Lag: Av=1.02s, max=6.0s)} 0-1

[Event "Stay Safe Play From Home 291"]
[Site "Emanuel Lasker Arena"]
[Date "2020.07.09"]
[Round "5"]
[White "Mandy"]
[Black "Klasman"]
[Result "0-1"]
[WhiteElo "992"]
[BlackElo "1562"]
[Annotator "NA"]
[PlyCount "52"]
[EventDate "2020.07.09"]
[EventType "swiss (blitz)"]

1. d4 {[%emt 0:00:03]} f5 {[%emt 0:00:02]} 2. Bf4 {[%emt 0:00:01]} Nf6 {[%emt 0:00:02]} 3. e3 {[%emt 0:00:01]} e6 {[%emt 0:00:01]} 4. Nf3 {[%emt 0:00:01]} c5 {[%emt 0:00:01]} 5. c3 {[%emt 0:00:02]} Qb6 {[%emt 0:00:02]} 6. Qc2 {[%emt 0:00:04]} Nc6 {[%emt 0:00:03]} 7. Bd3 {[%emt 0:00:05]} d5 {[%emt 0:00:02]} 8. h3 {[%emt 0:00:02]} Bd7 {[%emt 0:00:01]} 9. Ne5 {[%emt 0:00:13]} Nxe5 {[%emt 0:00:04]} 10. Bxe5 {[%emt 0:00:02]} Bd6 {[%emt 0:00:05]} 11. Bxd6 {[%emt 0:00:05]} Qxd6 {[%emt 0:00:01]} 12. Nd2 {[%emt 0:00:08]} Ne4 {[%emt 0:00:02]} 13. O-O {[%emt 0:00:08]} O-O {[%emt 0:00:03]} 14. Rad1 {[%emt 0:00:05]} c4 {[%emt 0:00:05]} 15. Be2 {[%emt 0:00:09]} Bc6 {[%emt 0:00:03]} 16. b3 {[%emt 0:00:09]} cxb3 {[%emt 0:00:07]} 17. Nxb3 {[%emt 0:00:05]} Rac8 {[%emt 0:00:03]} 18. f3 {[%emt 0:00:18]} Ng3 {[%emt 0:00:02]} 19. Rfe1 {[%emt 0:00:19]} Rf6 {[%emt 0:00:10]} 20. f4 {[%emt 0:00:02]} Rg6 {[%emt 0:00:06]} 21. Kh2 {[%emt 0:00:24]} h5 {[%emt 0:00:21]} 22. Bxh5 {[%emt 0:00:20]} Nxh5 {[%emt 0:00:02]} 23. g4 {[%emt 0:00:06]} Nxf4 {[%emt 0:00:04]} 24. exf4 {[%emt 0:00:04]} Qxf4+ {[%emt 0:00:02]} 25. Kg1 {[%emt 0:00:03]} Qg3+ {[%emt 0:00:07]} 26. Kh1 {[%emt 0:00:03]} Qxh3+ {[%emt 0:00:02] Zeit (Lag: Av=0.47s, max=0.6s)} 0-1

[Event "Stay Safe Play From Home 291"]
[Site "Emanuel Lasker Arena"]
[Date "2020.07.09"]
[Round "6"]
[White "AChessPlayer"]
[Black "Haris kollari 13"]
[Result "1-0"]
[WhiteElo "2249"]
[BlackElo "1842"]
[Annotator "NA"]
[PlyCount "85"]
[EventDate "2020.07.09"]
[EventType "swiss (blitz)"]

1. e4 {[%emt 0:00:02]} e6 {[%emt 0:00:01]} 2. d4 {[%emt 0:00:01]} d5 {[%emt 0:00:01]} 3. exd5 {[%emt 0:00:00]} exd5 {[%emt 0:00:01]} 4. Nf3 {[%emt 0:00:00]} Bd6 {[%emt 0:00:01]} 5. Bd3 {[%emt 0:00:00]} Bg4 {[%emt 0:00:01]} 6. O-O {[%emt 0:00:01]} Ne7 {[%emt 0:00:01]} 7. Re1 {[%emt 0:00:08]} Nd7 {[%emt 0:00:01]} 8. Nbd2 {[%emt 0:00:01]} c6 {[%emt 0:00:02]} 9. Nf1 {[%emt 0:00:01]} Qc7 {[%emt 0:00:01]} 10. b3 {[%emt 0:00:06]} O-O-O {[%emt 0:00:02]} 11. c4 {[%emt 0:00:01]} dxc4 {[%emt 0:00:10]} 12. bxc4 {[%emt 0:00:01]} Ng6 {[%emt 0:00:01]} 13. c5 {[%emt 0:00:05]} Bf4 {[%emt 0:00:01]} 14. Be3 {[%emt 0:00:06]} Nf6 {[%emt 0:00:04]} 15. Rb1 {[%emt 0:00:05]} Nd5 {[%emt 0:00:02]} 16. Rb3 {[%emt 0:00:10]} Rhe8 {[%emt 0:00:02]} 17. h3 {[%emt 0:00:07]} Be6 {[%emt 0:00:06]} 18. Qd2 {[%emt 0:00:14]} Nxe3 {[%emt 0:00:02]} 19. fxe3 {[%emt 0:00:02]} Bxb3 {[%emt 0:00:02]} 20. axb3 {[%emt 0:00:03]} Bg3 {[%emt 0:00:01]} 21. Ra1 {[%emt 0:00:04]} a6 {[%emt 0:00:02]} 22. Qb4 {[%emt 0:00:13]} h5 {[%emt 0:00:03]} 23. Bf5+ {[%emt 0:00:03]} Rd7 {[%emt 0:00:04]} 24. Qc4 {[%emt 0:00:09]} Ree7 {[%emt 0:00:11]} 25. Ng5 {[%emt 0:00:07]} Nh4 {[%emt 0:00:15]} 26. Bxd7+ {[%emt 0:00:04]} Kxd7 {[%emt 0:00:02]} 27. Ra2 {[%emt 0:00:09]} f6 {[%emt 0:00:11]} 28. d5 {[%emt 0:00:14]} Qe5 {[%emt 0:00:18]} 29. dxc6+ {[%emt 0:00:14]} Kxc6 {[%emt 0:00:05]} 30. Nf3 {[%emt 0:00:15]} Nxf3+ {[%emt 0:00:02]} 31. gxf3 {[%emt 0:00:00]} h4 {[%emt 0:00:04]} 32. b4 {[%emt 0:00:02]} Qd5 {[%emt 0:00:11]} 33. Qe2 {[%emt 0:00:02]} Rd7 {[%emt 0:00:09]} 34. Rb2 {[%emt 0:00:01]} Qd1 {[%emt 0:00:02]} 35. b5+ {[%emt 0:00:00]} Kc7 {[%emt 0:00:05]} 36. Qc4 {[%emt 0:00:01]} Qxf3 {[%emt 0:00:13]} 37. c6 {[%emt 0:00:00]} Rd1 {[%emt 0:00:06]} 38. cxb7+ {[%emt 0:00:01]} Kxb7 {[%emt 0:00:01]} 39. bxa6+ {[%emt 0:00:01]} Ka7 {[%emt 0:00:09]} 40. Qc5+ {[%emt 0:00:01]} Ka8 {[%emt 0:00:02]} 41. Qf8+ {[%emt 0:00:01]} Ka7 {[%emt 0:00:01]} 42. Rb7+ {[%emt 0:00:00]} Kxa6 {[%emt 0:00:01]} 43. Qa8# {[%emt 0:00:01] (Lag: Av=0.77s, max=3.0s)} 1-0

[Event "Stay Safe Play From Home 291"]
[Site "Emanuel Lasker Arena"]
[Date "2020.07.09"]
[Round "6"]
[White "Position"]
[Black "Chesstiger9"]
[Result "1-0"]
[WhiteElo "2054"]
[BlackElo "1991"]
[Annotator "TA"]
[PlyCount "101"]
[EventDate "2020.07.09"]
[EventType "swiss (blitz)"]

{[%evp 9,101,28,31,21,21,10,18,12,26,20,30,14,13,0,0,0,0,0,0,0,0,0,0,0,14,0,0,0,-1,0,5,6,14,10,13,12,81,8,74,81,85,86,92,94,122,118,238,119,288,296,283,95,95,95,93,96,98,100,93,62,65,65,157,154,400,301,467,237,289,294,293,272,295,297,284,293,281,228,434,422,581,566,747,746,992,967,1469,1465,1434,1264,1148,570,527,444]} 1. e4 c5 2. Nf3 e6 3. g3 d6 4. Bg2 Nc6 5. O-O Nf6 6. Re1 {B40: Sicilian: 2...e6, Unusual lines.} Be7 7. c3 O-O 8. d4 {The position is equal.} cxd4 9. cxd4 d5 10. e5 Ne4 11. Nc3 Nxc3 12. bxc3 Na5 {[#]} 13. Bf1 $146 ({Predecessor:} 13. h4 Bd7 14. Bg5 Rc8 15. Rc1 Bb5 16. Qd2 Nc4 17. Qf4 Nb2 18. Qg4 Bxg5 19. hxg5 {1-0 (34) Menna Barreto,F (2280)-Borges,G (2207) Rio de Janeiro 2017}) 13... Qc7 14. Bd2 Nc4 15. Bd3 Nxd2 16. Qxd2 h6 17. Rec1 Bd7 18. c4 dxc4 19. Rxc4 Bc6 20. Be4 {[%mdl 64] [#] Pin} Qd7 21. Bxc6 bxc6 22. Rac1 Rfc8 (22... Qd5 $11 23. Qe2 Rfc8) 23. Qc2 (23. Qc3 $16) 23... Qd5 (23... Ba3 $11) 24. Rxc6 $16 Rd8 25. Kg2 g5 26. h3 h5 {White should prevent ...g4.} 27. g4 Kg7 (27... hxg4 $16 28. hxg4 Kg7) 28. Rc7 (28. gxh5 $18 {And now Rc7 would win.} Rd7 29. Rc7) 28... Rd7 $2 {[#]} (28... hxg4 $16 29. hxg4 Rd7) 29. Rxd7 $18 Qxd7 30. Qc6 $2 (30. Qe4 $18 {has better winning chances.} Rc8 31. Rxc8 Qxc8 32. gxh5) 30... Qxc6 $16 31. Rxc6 hxg4 32. hxg4 {[%mdl 4096] Endgame KRB-KRN} a5 33. Rc7 Kf8 34. a4 Ke8 35. Nd2 Kd8 {White leaves nothing to chance now.} ({Black should try} 35... Rb8 $1 $14) 36. Rb7 Bb4 $2 (36... Ke8 $16 37. Rb5 Rc8) 37. Ne4 Be7 (37... Ke8 $142 38. Kf3 (38. Nxg5 Be7 $18) 38... Be7) 38. Kf3 (38. Nf6 $142 {Strongly threatening Rd7+.} Bxf6 39. exf6) 38... Ke8 39. Ke3 Kf8 40. Nd2 Bb4 41. Nc4 Rc8 42. Kd3 Rd8 43. Rb5 Kg7 $2 (43... Be1 44. Nd6 (44. Nxa5 Ra8 $16) 44... Bb4) 44. Nxa5 $18 {White is clearly winning.} Bxa5 45. Rxa5 {KR-KR} Rb8 46. Rb5 Rc8 47. a5 {[%cal Ba4a5,Ba5a6][%mdl 32]} Rc1 48. a6 Ra1 49. Rb6 Ra3+ 50. Ke4 (50. Kc4 $142 Ra2 51. Kb5) 50... Ra5 51. Rd6 {Accuracy: White = 66%, Black = 48%.} 1-0

[Event "Stay Safe Play From Home 291"]
[Site "Emanuel Lasker Arena"]
[Date "2020.07.09"]
[Round "6"]
[White "Haxhi Baha"]
[Black "Lazieri3"]
[Result "0-1"]
[WhiteElo "1907"]
[BlackElo "2032"]
[Annotator "TA"]
[PlyCount "88"]
[EventDate "2020.07.09"]
[EventType "swiss (blitz)"]

{[%evp 9,88,0,26,0,24,2,118,71,75,77,81,87,89,67,81,62,70,28,33,31,27,7,20,0,0,-95,-107,-73,-20,-25,-16,-82,-9,-84,0,-11,0,0,29,0,8,0,36,0,24,34,19,18,85,-191,96,93,92,64,157,156,208,208,275,273,328,324,326,324,321,311,309,294,415,418,365,375,483,480,482,460,706,695,706,706,766]} 1. e4 d5 2. exd5 Nf6 3. Nc3 Nxd5 4. Qf3 Nxc3 5. dxc3 e6 {[#]} 6. Bd2 $146 {B02: Alekhine's Defence: Chase Variation and lines with early Nc3.} ({Predecessor:} 6. Bf4 Bd6 7. Bb5+ Nd7 8. Bxd6 cxd6 9. Qg3 O-O 10. Qxd6 Nf6 11. Qxd8 Rxd8 12. Nf3 {1-0 (42) Drop,S (1803)-Krzymionka,K (1629) Krakow 2013}) 6... Qd5 7. Qg3 Qd6 (7... Nc6 $11) 8. f4 {White is better.} Nc6 9. O-O-O Qe7 10. Nf3 Bd7 11. Bb5 O-O-O 12. Be3 a6 13. Ba4 f6 14. Rhe1 Qf7 15. Qf2 Bd6 16. g4 e5 17. Bxc6 (17. fxe5 $11 Nxe5 18. Bb3) 17... Bxc6 $17 18. fxe5 Bxf3 (18... fxe5 $17 19. Nxe5 Qxa2 20. Qf5+ Kb8 21. Nxc6+ bxc6) 19. Qxf3 $11 Bxe5 20. Ba7 (20. Kb1 $11) 20... Qg6 (20... Bxh2 $17 21. Qf5+ Rd7) 21. Kb1 (21. h3 $11) 21... Qg5 (21... Bxh2 $17 22. Qe2 Rxd1+ 23. Rxd1 Be5) 22. Be3 Qg6 23. h4 h5 24. g5 Kb8 25. a4 $40 {[%mdl 128] White attacks.} fxg5 {[#] And now ...Rxd1+ would win.} 26. Bxg5 Bf6 27. Rxd8+ Rxd8 28. Re6 Qf7 (28... Rd6 $11 {keeps the balance.} 29. Qe2 Qf7 30. Re8+ Ka7) 29. Qf5 $2 {[%mdl 8192]} (29. Bxf6 $16 {and life is bright.} Rf8 30. Re5) 29... Qd7 $2 ({Black should play} 29... Rd1+ $19 30. Bc1 Qd7) 30. Bxf6 $16 {White leaves nothing to chance now.} gxf6 31. Rxf6 {[%mdl 4096] Endgame KQR-KQR} Qd1+ (31... Qxa4 $14 32. Qxh5 Qc4) 32. Ka2 Qd5+ {[#]} (32... Qg4 $16 33. Qxg4 hxg4) 33. b3 $1 $18 Qd2 34. Kb2 Qd1 35. Rh6 Qd5 36. Rxh5 Qxf5 37. Rxf5 {KR-KR} Rg8 38. h5 Rg2 (38... Kc8 {is a better defense.} 39. Rd5 Rg3) 39. h6 Rh2 40. Rf6 Ka7 41. c4 {White is clearly winning.} c5 42. b4 Rh3 (42... cxb4 $142 43. a5 Rh5) 43. c3 cxb4 44. cxb4 a5 {[%mdl 32768] Accuracy: White = 60%, Black = 46%. . Loss on time!?} 0-1

[Event "Stay Safe Play From Home 291"]
[Site "Emanuel Lasker Arena"]
[Date "2020.07.09"]
[Round "6"]
[White "Lucknow"]
[Black "Timbre"]
[Result "1-0"]
[WhiteElo "1753"]
[BlackElo "1549"]
[Annotator "NA RC"]
[PlyCount "63"]
[EventDate "2020.07.09"]
[EventType "swiss (blitz)"]

1. d4 {[%emt 0:00:02]} d5 {[%emt 0:00:17]} 2. c4 {[%emt 0:00:02]} c6 {[%emt 0:00:01]} 3. Nf3 {[%emt 0:00:04]} Nf6 {[%emt 0:00:01]} 4. Nc3 {[%emt 0:00:01]} e6 {[%emt 0:00:02]} 5. e3 {[%emt 0:00:01]} Bd6 {[%emt 0:00:02]} 6. Bd3 {[%emt 0:00:02]} Nbd7 {[%emt 0:00:02]} 7. O-O {[%emt 0:00:00]} Qe7 {[%emt 0:00:01]} 8. e4 {[%emt 0:00:01]} dxe4 {[%emt 0:00:02]} 9. Nxe4 {[%emt 0:00:00]} Nxe4 {[%emt 0:00:01]} 10. Bxe4 {[%emt 0:00:00]} Nf6 {[%emt 0:00:01]} 11. Bc2 {[%emt 0:00:01]} O-O {[%emt 0:00:02]} 12. Bg5 {[%emt 0:00:01]} Qd8 {[%emt 0:00:01]} 13. Qe2 {[%emt 0:00:01]} h6 {[%emt 0:00:02]} 14. Bh4 {[%emt 0:00:01]} Be7 {[%emt 0:00:04]} 15. Rad1 {[%emt 0:00:02]} Nh5 {[%emt 0:00:02]} 16. Bxe7 {[%emt 0:00:05]} Qxe7 {[%emt 0:00:01]} 17. d5 {[%emt 0:00:05]} cxd5 {[%emt 0:00:03]} 18. cxd5 {[%emt 0:00:01]} Nf4 {[%emt 0:00:04]} 19. Qe4 {[%emt 0:00:01]} Ng6 {[%emt 0:00:11]} 20. Rfe1 {[%emt 0:00:16]} Qc5 {[%emt 0:00:09]} 21. b4 {[%emt 0:00:25]} Qb6 {[%emt 0:00:08]} 22. d6 {[%emt 0:00:23]} Bd7 {[%emt 0:00:02]} 23. Ne5 {[%emt 0:00:02]} Bc6 {[%emt 0:00:06]} 24. Qd3 {[%emt 0:00:15]} f5 {[%emt 0:00:30]} 25. Nxg6 {[%emt 0:00:02]} Be4 {[%emt 0:00:02]} 26. Qb3 {[%emt 0:00:24]} Rf6 {[%emt 0:00:08]} 27. Ne7+ {[%emt 0:00:15]} Kh7 {[%emt 0:00:06]} 28. Rd2 {[%emt 0:00:05]} Re8 {[%emt 0:00:31]} 29. Bxe4 {[%emt 0:00:05]} fxe4 {[%emt 0:00:02]} 30. d7 {[%emt 0:00:01]} Rxe7 {[%emt 0:00:06]} 31. d8=Q {[%emt 0:00:02]} Qxf2+ {[%emt 0:00:06]} 32. Rxf2 {[%emt 0:00:03] Timbre resigns (Lag: Av=0.85s, max=5.5s)} 1-0

[Event "Stay Safe Play From Home 291"]
[Site "Emanuel Lasker Arena"]
[Date "2020.07.09"]
[Round "6"]
[White "Klasman"]
[Black "Weltszmerc"]
[Result "0-1"]
[WhiteElo "1563"]
[BlackElo "2007"]
[Annotator "TA"]
[PlyCount "68"]
[EventDate "2020.07.09"]
[EventType "swiss (blitz)"]

{[%evp 9,68,0,0,-10,33,-8,10,7,11,15,0,-20,-14,-21,-6,-10,42,-10,0,0,0,-16,0,-32,-29,-43,-29,-42,-34,-36,-44,-102,-92,-95,-106,-100,-66,-63,-35,-22,-18,-10,62,47,150,133,135,72,81,72,50,0,0,-14,0,-66,-61,-163,-152,-216,-206]} 1. f4 Nf6 2. Nf3 d5 3. e3 Bg4 4. c4 c6 5. Qb3 Qb6 {[#]} 6. Be2 $146 {A03: Bird's Opening with 1...d5.} ({Predecessor:} 6. Ne5 Bf5 7. Nc3 e6 8. d4 Nbd7 9. Be2 Nxe5 10. fxe5 Ne4 11. O-O Qxb3 12. axb3 {1-0 (35) Rotstein,J (2320)-Rausis,I (2496) Bad Godesberg 2012}) 6... dxc4 7. Bxc4 Qxb3 8. Bxb3 {The position is equal.} e6 9. Ne5 Bf5 10. Nc3 Nbd7 11. d4 Nxe5 12. fxe5 Nd5 (12... Ne4 $11) 13. O-O (13. e4 $14 Nxc3 14. exf5) 13... Nxc3 14. bxc3 Be7 15. Bd2 O-O 16. h3 b6 17. g4 Bg6 18. Rf2 Rfd8 19. Kg2 c5 20. Raf1 (20. Kg3 $15) 20... Bh4 21. Rf4 Bg5 22. R4f2 Bd3 23. Rxf7 Bxf1+ (23... c4 {keeps more tension.} 24. Bd1 Bxf1+ 25. Rxf1 Rf8 26. Bf3 Rab8) 24. Rxf1 Re8 25. Kg3 cxd4 ({Black should try} 25... b5 $11) 26. cxd4 $14 Kh8 ({Better is} 26... a5 $1 $14) 27. h4 {[%mdl 1024] White has strong compensation.} Be7 28. g5 ({Don't take} 28. Bxe6 $6 Bxh4+ 29. Kxh4 Rxe6 $14) (28. Rc1 $142 $1) 28... Ba3 $16 29. Rf7 a5 {[%cal Ba7a5,Ba5a4][%mdl 32]} 30. h5 a4 $36 {[%mdl 2048] Black has the initiative.} 31. Bc2 Rf8 32. Rxf8+ (32. Rb7 $11) 32... Bxf8 $15 33. e4 {[#]} (33. Bd3 $15) 33... b5 $1 $19 {[%cal Bb6b5,Bb5b4][%mdl 32]} 34. Bd3 {[#]} (34. d5 $17 {is a better defense.} b4 35. d6) 34... b4 $1 {Accuracy: White = 53%, Black = 72%.} 0-1

[Event "Stay Safe Play From Home 291"]
[Site "Emanuel Lasker Arena"]
[Date "2020.07.09"]
[Round "7"]
[White "AChessPlayer"]
[Black "Lucknow"]
[Result "1-0"]
[WhiteElo "2252"]
[BlackElo "1761"]
[Annotator "TA"]
[PlyCount "57"]
[EventDate "2020.07.09"]
[EventType "swiss (blitz)"]

{[%evp 9,57,2,18,2,11,0,0,0,0,0,0,11,42,14,8,0,0,0,0,-97,0,0,0,0,0,-17,25,0,0,-20,50,0,21,0,31,0,50,-4,44,35,82,44,48,37,108,85,512,485,759,728]} 1. e4 c5 2. Nf3 d6 3. Bb5+ Bd7 4. a4 e6 5. O-O Be7 6. Re1 {B52: Sicilian: Moscow Variation with 3...Bd7.} Nf6 7. c3 O-O 8. d4 {The position is equal.} cxd4 9. cxd4 Nc6 10. Nc3 {[#]} Qc7 $146 ({Predecessor:} 10... a6 11. Bd3 Nb4 12. Bb1 a5 13. e5 Nfd5 14. Ne4 dxe5 15. dxe5 h6 16. Ra3 Nc6 {½-½ (37) Class,W (2457)-Kuna,H (2382) Remote email 2013}) 11. e5 Nd5 12. Bd3 Nxc3 13. bxc3 dxe5 14. Bg5 (14. Nxe5 $11 {keeps the balance.} Nxe5 15. Bf4 {[%mdl 64] Pin}) 14... Qd8 (14... exd4 $17 15. cxd4 h6) 15. Bxe7 $11 Qxe7 16. dxe5 Rfd8 17. Qe2 Rac8 18. Qe4 g6 19. Qf4 Kg7 (19... Na5 $11) 20. h4 h6 21. a5 Be8 22. Be4 Rc7 23. g4 (23. Re3 $14) 23... b6 24. axb6 axb6 25. Ra6 {[%cal Ba1a6,Ba6b6,Bb6b4][%mdl 32]} Na5 26. Rxb6 Nc4 ({Black should play} 26... Rxc3 $14 27. g5 h5) 27. Rb4 $16 {Ra1 is the strong threat.} Nd2 $2 {[%mdl 8192] [#]} (27... Na5 $16 {is tougher.}) 28. Nxd2 $18 Rxd2 (28... Qxh4 $142 29. Nf3 Qe7) 29. Qxd2 {Accuracy: White = 67%, Black = 49%.} 1-0

[Event "Stay Safe Play From Home 291"]
[Site "Emanuel Lasker Arena"]
[Date "2020.07.09"]
[Round "7"]
[White "Position"]
[Black "Klasman"]
[Result "1-0"]
[WhiteElo "2068"]
[BlackElo "1560"]
[Annotator "TA"]
[PlyCount "45"]
[EventDate "2020.07.09"]
[EventType "swiss (blitz)"]

{[%evp 9,45,78,77,72,59,56,64,58,94,33,38,33,52,53,193,14,167,18,35,27,46,48,112,125,117,69,92,14,20,-47,0,-95,-95,-220,582,580,823,820]} 1. e4 f5 2. exf5 Nf6 3. Nf3 d5 4. d4 Bxf5 5. Bd3 Bxd3 6. Qxd3 {B00: Queen's Fianchetto Defence, Nimzowitsch Defence.} Nc6 7. a3 Qd6 {[#]} 8. Nc3 $146 {White is slightly better.} ({Predecessor:} 8. O-O O-O-O 9. Re1 Re8 10. Ng5 Nd8 11. Nc3 h6 12. Nf3 a6 13. Ne5 g5 14. Bd2 {1-0 (27) Goncalves,L (1844)-Rial,A (1656) Rio de Janeiro 2017}) 8... O-O-O 9. Be3 ({White should play} 9. O-O $16) 9... Ng4 $14 10. O-O-O Nxe3 11. fxe3 {Threatens to win with Ng5.} g6 {[#]} ({Black should try} 11... h6 $14) 12. Nb5 $2 (12. Ng5 $1 $18) 12... Qe6 $2 (12... Qd7 $11 {and Black has nothing to worry.}) 13. Rhe1 (13. Ng5 $18 Qf5 14. Qxf5+ gxf5 15. Nf7) 13... Bh6 14. Kb1 a6 15. Nc3 Rhf8 ({Better is} 15... Qg4 $14) 16. e4 $36 {[%mdl 2048] Keeping Black busy.} dxe4 17. Rxe4 Qf5 18. d5 (18. Nh4 $16 Qh5 19. d5) 18... Bg7 $1 $11 19. Qc4 (19. Ka2 $11) 19... Na5 (19... Bxc3 $5 20. bxc3 Rf6 $11) 20. Qc5 (20. Qd3 $11 {remains equal.}) 20... Bxc3 $1 $17 21. Rxe7 {[#]} (21. Re2 $17 {is a better defense.}) 21... Rd7 $4 {[%mdl 8192]} (21... Nc6 $1 $19 {[%cal Rc6e7][%mdl 512] avoids the disaster.} 22. bxc3 (22. dxc6 Rxd1+) 22... Nxe7 23. Qxe7 Kb8) 22. Rxd7 $18 {[%mdl 64] Overworked Piece} ({Not} 22. bxc3 b6 $15) 22... Qxd7 23. Qxf8+ {Accuracy: White = 29%, Black = 42%.} 1-0

[Event "Stay Safe Play From Home 291"]
[Site "Emanuel Lasker Arena"]
[Date "2020.07.09"]
[Round "7"]
[White "Chesstiger9"]
[Black "Weltszmerc"]
[Result "1-0"]
[WhiteElo "1977"]
[BlackElo "2009"]
[Annotator "TA"]
[PlyCount "70"]
[EventDate "2020.07.09"]
[EventType "swiss (blitz)"]

{[%evp 9,70,20,17,25,22,25,5,13,15,-7,0,-17,25,19,31,25,34,36,46,44,58,42,36,40,85,0,195,195,186,174,196,164,165,89,86,75,145,156,151,155,150,74,200,87,236,235,707,556,542,541,756,693,1089,489,740,744,720,546,756,753,900,883,29993]} 1. d4 Nf6 2. Nf3 b6 3. e3 Bb7 4. Bd3 d6 5. Nbd2 Nbd7 6. e4 {A47: 1 d4 Nf6 2 Nf3 b6: Torre, London and Colle Systems.} e5 7. c3 g6 8. O-O {The position is equal.} Bg7 9. h3 O-O 10. Re1 {[#]} Nh5 $146 ({Predecessor:} 10... Re8 11. Qc2 d5 12. dxe5 dxe4 13. Nxe4 Nxe5 14. Nxe5 Rxe5 15. Bf4 Re8 16. Rad1 Nd5 {1-0 (60) Hyll,J (1941)-Kolesar,P (1970) Slovakia 2016}) 11. Nf1 Nf4 12. Bxf4 exf4 13. Qd2 g5 14. h4 h6 $1 15. hxg5 hxg5 16. N1h2 a5 17. Ng4 (17. Rad1 $16) 17... Ba6 $2 {[#]} (17... Nf6 $11 {and Black has nothing to worry.} 18. Nfh2 Re8) 18. Bxa6 $18 Rxa6 19. e5 dxe5 20. dxe5 Nc5 21. Qxd8 (21. Nd4 $18) 21... Rxd8 $16 22. Nxg5 Rd2 ({Black should play} 22... Raa8) 23. Rad1 Rxd1 24. Rxd1 Ra8 25. b4 ({White should try} 25. Rd5) 25... Na4 {[#]} (25... axb4 $16 26. cxb4 Ne6 27. Nxe6 fxe6) 26. bxa5 (26. Rd7 $1 $18 {[%cal Rd7f7]} Bxe5 27. Rxf7 (27. Nxe5 f6 $16)) 26... Nxc3 (26... Bxe5 $16 {is a better defense.} 27. Nxe5 f6) 27. Rd7 $18 Nxa2 $2 (27... Rxa5 28. e6 (28. Rxc7 Ne2+ 29. Kf1 Nd4 $16) (28. Rxf7 Ne4 $14) (28. Nxf7 Kf8 $18) 28... fxe6 29. Rd8+ (29. Nxe6 Be5 $16) 29... Bf8 30. Nxe6 {[%mdl 64] Double Attack} Kf7) 28. axb6 {White is clearly winning.} cxb6 29. Nxf7 b5 30. e6 b4 31. Rb7 (31. Nd6 $142 {White threatens e7 and mate.} Kh7 32. e7) 31... Re8 (31... Nc3 $142 32. Nfh6+ Kh8) 32. Nfh6+ Kh8 33. Nf5 Bc3 34. e7 Nc1 35. Nd6 Rg8 {Accuracy: White = 62%, Black = 28%.} 1-0